Wykorzystanie instrumentów marketingu w kształtowaniu rozwoju miasta - przykład Bratysławy

Uložené v:
Podrobná bibliografia
Hlavný autor: Daňo, Ferdinand, 1959-
Ďalší autori: Hanuláková, Eva, 1964-, Vokounová, Dana, 1962-
Médium: Kapitola
Jazyk:Polish
Tagy: Pridať tag
Žiadne tagy, Buďte prvý, kto otaguje tento záznam!

MARC

LEADER 00000naa a2200000 4500
001 0152010
005 20240502083347.2
041 0 |a pol 
044 |a PL 
245 1 0 |a Wykorzystanie instrumentów marketingu w kształtowaniu rozwoju miasta - przykład Bratysławy  |c Ferdinand Daňo, Eva Hanuláková, Dana Vokounová 
100 1 |a Daňo, Ferdinand, 1959- 
700 1 |a Hanuláková, Eva, 1964- 
700 1 |a Vokounová, Dana, 1962-